Click the Neighbouring European Country - Statistics

General Stats
  • This quiz has been taken 42 times
  • The average score is 34 of 43
Answers on the Map
Answers color-coded by a green-red scale on the quiz's map according to % correct below.
 
Answer Stats
Answer % Correct
Greece
86%
Romania
86%
Sweden
86%
Ukraine
86%
United Kingdom
86%
Albania
84%
Andorra
84%
Switzerland
84%
Vatican City
84%
Belarus
81%
Bosnia and Herzegovina
81%
Croatia
81%
France
81%
Hungary
81%
Ireland
81%
Italy
81%
Montenegro
81%
Portugal
81%
Russia
81%
Serbia
81%
Slovenia
81%
Spain
81%
Austria
78%
Belgium
78%
Bulgaria
78%
Czech Republic
78%
Estonia
78%
Finland
78%
Lithuania
78%
Luxembourg
78%
Moldova
78%
Netherlands
78%
North Macedonia
78%
Poland
78%
San Marino
78%
Slovakia
78%
Denmark
76%
Germany
76%
Kosovo
76%
Latvia
76%
Liechtenstein
76%
Norway
76%
Monaco
70%
No matching quizzes found
Score Distribution
Percent of People with Each Score
Percentile by Number Answered
Your Score History
You have not taken this quiz